Normal view
MARC view
Entry Personal Name
001 - CONTROL NUMBER
- control field: 1155642
003 - CONTROL NUMBER IDENTIFIER
- control field: OSt
005 - DATE AND TIME OF LATEST TRANSACTION
- control field: 20260324115705.0
008 - FIXED-LENGTH DATA ELEMENTS
- fixed length control field: 260324|| aca||aabn | a|a d
040 ## - CATALOGING SOURCE
- Original cataloging agency: OSt
- Transcribing agency: OSt
100 ## - HEADING--PERSONAL NAME
- Personal name: Wesley G. Skogan; Vicente Riccio
670 ## - SOURCE DATA FOUND
- Source citation: Work cat.: (OSt)1746696: Wesley G. Skogan; Vicente Riccio, Police and Society in Brazil
